000 00444nam a2200145Ia 4500
005 20260328104331.0
008 260328s9999||||xx |||||||||||||| ||und||
100 _aCerasi, Maurice
245 0 _aEl Espacio Colectivo de la Ciudad :
_b Construcción y disolución del Sistema Público en l Arquitectura de la Ciudad Moderna /
_cMaurice Cerasi
250 _a1a ed.
260 _bOikos
300 _a180 p.
650 _aURBANISMO
942 _cBK
999 _c11717
_d11717